000 00512nam a2200193Ia 4500
005 20260429111909.0
008 260429s9999||||xx |||||||||||||| ||und||
020 _a9789358872187
041 _aEnglish
082 _a542.1
_bKUM
100 _aKumar, Suresh
245 0 _aBasic laboratory skills, Vol. 2 /
_cSuresh Kumar
260 _aNew Delhi :
_bNipa,
_c2024.
300 _axvi, 282 p.; hb
440 _aThe protocol series
_vVol. 2
650 _a Laboratory skills
650 _aChemistry
942 _cTB
999 _c51325
_d51325